000 01084nam a22002777a 4500
005 20140822122452.0
008 090714t xxu||||| |||| 00| e hin d
010 _aHIN-87370 G-002733
020 _c200.00
_a8190218948
035 _aHN-59716
035 _a G-002733
037 _bDBAD / PUB
040 _adpl
_bhn
082 _a808.84
100 _aखुराना, सुमित
245 _aप्रेरणाप्रद निबन्ध /
_cसुमित खुराना
246 _bby Sumit Khurana
_aPreranaaprada nibandha
260 _aदिल्ली
_bखुराना एण्ड संस
_c2005 2007
270 _a94, मानक विहार
_bदिल्ली
_e110092
300 _a168पृ.
_c20सेमी(सजिल्द)
650 _aहिन्दी निबंध
650 _aHindi essays
650 _aहिन्दी भाषा
_xव्याख्यान विद्या
650 _aHindi language
_xRhetoric
942 _2ddc
_cHN
_mखुराना
_h808.84
999 _c28454
_d28454